XVIII. světový den mládeže : poselství svatého otce ke dni mládeže v diecézích na květnou neděli 13. dubna 2003
Record details
- ISBN: 80-239-1457-X
- Physical Description: 4 s. ; 20 cm
- Publisher: Praha : Sekretariát České biskupské konference, 2003
Content descriptions
| General Note: | Přeloženo z italské verze latinského originálu? Název z obálky Na obálce označení sv. 79 |
| Target Audience Note: | Pro vnitření potřebu |
Search for related items by subject
| Subject: | učení katolické církve mládež křesťanský život duchovní život youth Christian life spiritual life Catholic doctrine |
| Genre: | papežské listy papal documents |
Available copies
- 1 of 1 copy available at Common Catalog SPOK.
Holds
- 0 current holds with 1 total copy.
Show Only Available Copies
| Location | Call Number / Copy Notes | Barcode | Shelving Location | Status | Due Date |
|---|---|---|---|---|---|
| Jabok Library | EK-4.1.3 | 424480023310 | Odborná literatura | Available | - |
| LDR | 01776nam a2200493 a 4500 | ||
|---|---|---|---|
| 001 | 14988 | ||
| 003 | CZ-PrJAB | ||
| 005 | 20190902083557.0 | ||
| 007 | tu | ||
| 008 | 031003s2003 xr d 000 0 cze | ||
| 015 | . | ‡acnb001278992 | |
| 020 | . | ‡a80-239-1457-X ‡q(v knize neuvedeno ; ‡qbrož.) | |
| 035 | . | ‡a(CZ PrNK)cpk20031278992 | |
| 035 | . | ‡a(OCoLC)53861197 | |
| 040 | . | ‡aABA001 ‡bcze | |
| 041 | 1 | . | ‡acze ‡hita ‡hlat |
| 072 | 7. | ‡a27-4 ‡xPraktická teologie. Morální teologie ‡2Konspekt ‡95 | |
| 080 | . | ‡a27-584 ‡2MRF | |
| 080 | . | ‡a272-1/-9 ‡2MRF | |
| 080 | . | ‡a316.346.32-053.6 ‡2MRF | |
| 080 | . | ‡a27-4 ‡2MRF | |
| 080 | . | ‡a(093.2) ‡2MRF | |
| 110 | 2 | . | ‡aKatolická církev. ‡bPapež (1978-2005 : Jan Pavel II.) ‡7kn20010710508 |
| 245 | 1 | 0. | ‡aXVIII. světový den mládeže : ‡bposelství svatého otce ke dni mládeže v diecézích na květnou neděli 13. dubna 2003 |
| 246 | 3 | . | ‡a18. světový den mládeže |
| 246 | 3 | . | ‡aOsmnáctý světový den mládeže |
| 260 | . | ‡aPraha : ‡bSekretariát České biskupské konference, ‡c2003 | |
| 300 | . | ‡a4 s. ; ‡c20 cm | |
| 500 | . | ‡aPřeloženo z italské verze latinského originálu? | |
| 500 | . | ‡aNázev z obálky | |
| 500 | . | ‡aNa obálce označení sv. 79 | |
| 521 | . | ‡aPro vnitření potřebu | |
| 650 | 0 | 7. | ‡aučení katolické církve ‡7ph135482 ‡2czenas |
| 650 | 0 | 7. | ‡amládež ‡7ph115333 ‡2czenas |
| 650 | 0 | 7. | ‡akřesťanský život ‡7ph122132 ‡2czenas |
| 650 | 0 | 7. | ‡aduchovní život ‡7ph114375 ‡2czenas |
| 650 | 0 | 9. | ‡ayouth ‡2eczenas |
| 650 | 0 | 9. | ‡aChristian life ‡2eczenas |
| 650 | 0 | 9. | ‡aspiritual life ‡2eczenas |
| 650 | 0 | 9. | ‡aCatholic doctrine ‡2eczenas |
| 655 | 7. | ‡apapežské listy ‡7fd133001 ‡2czenas | |
| 655 | 9. | ‡apapal documents ‡2eczenas | |
| 910 | . | ‡aABG312 | |
| 995 | . | ‡aska | |
| 901 | . | ‡a14988 ‡bCZ PrNK ‡c14988 ‡tbiblio | |